01008nam a2200241Ia 4500003000400000005001700004008004100021020001800062040001800080041000800098082002100106100002700127245011600154250001200270260004900282300002300331650006700354650005100421650008000472942003100552999001900583952016400602OSt20240525090030.0210716s2014 xx 000 0 und d a9781472910509 cAIMIT LIBRARY aeng a374.22 21bPIND aPinto, Daniel.9167637 aCapital wars :bnew east west challenge for entrepreneurial leadership and economic success /cBy Daniel Pinto. a1st ed. aNew Delhi :bReplika Press Pvt Ltd ,c2014. aix,246p. ;bPBcPB aThe impossible gamble of redistribution without growth9167638 aFrom empire builders to administrators9167639 aRepositioning the business creator as the cornerstone of capitalism9167640 2ddccBKe1st k374.22 PIND c209111d209111 00102ddc40708MBAaAIMITbAIMITd2015-03-18g399.00iBill no:1413; Bill dt:2015-03-13l0o374.22 PINDpMBA11677r2025-07-21 00:00:00v299.25w2021-07-16yBK